[Event "Frankfurt-ch"]
[Site "Frankfurt"]
[Date "2006.05.29"]
[Round "6"]
[White "Schukowski, Werner"]
[Black "Ludwig, Helmut"]
[Result "0-1"]
[WhiteElo "1292"]
[BlackElo "1496"]
[PlyCount "36"]
[EventDate "2006.04.24"]
[EventType "swiss"]
[EventRounds "7"]
[EventCountry "GER"]
[SourceTitle "EXT 2007"]
[Source "ChessBase"]
[SourceDate "2006.11.23"]
[SourceVersion "1"]
[SourceVersionDate "2006.11.23"]
[SourceQuality "1"]

1. e4 e5 2. Nf3 Nc6 3. Bc4 Bc5 4. d3 d6 5. Be3 Nf6 6. Bxc5 dxc5 7. h3 0-0 8. 0-0 Qd6 9. Nc3 a6 10. a4 Ne7 11. Qd2 Ng6 12. Ne2 Kh8 13. Nh2 Nh5 14. Qg5 Nhf4 15. Nxf4 Nxf4 16. Rae1 Bxh3 17. f3 Bxg2 18. Rf2 Nh3+ 0-1

[Event "Frankfurt-ch"]
[Site "Frankfurt"]
[Date "2006.05.15"]
[Round "4"]
[White "Schukowski, Werner"]
[Black "Noble, Alexander"]
[Result "0-1"]
[WhiteElo "1292"]
[BlackElo "2008"]
[PlyCount "62"]
[EventDate "2006.04.24"]
[EventType "swiss"]
[EventRounds "7"]
[EventCountry "GER"]
[SourceTitle "EXT 2007"]
[Source "ChessBase"]
[SourceDate "2006.11.23"]
[SourceVersion "1"]
[SourceVersionDate "2006.11.23"]
[SourceQuality "1"]

1. d4 Nf6 2. Nf3 e6 3. Bf4 b6 4. g3 Bb7 5. Bg2 Be7 6. 0-0 0-0 7. Re1 Ne4 8. Nbd2 f5 9. Nxe4 Bxe4 10. Bh3 g5 11. Nxg5 Bxg5 12. Qd2 h6 13. f3 Bb7 14. e4 fxe4 15. fxe4 Bxf4 16. gxf4 Qh4 17. Qg2+ Kh8 18. Re3 Qxf4 19. Rae1 Na6 20. d5 exd5 21. Bf5 Rg8 22. Rg3 dxe4 23. Rf1 Rxg3 24. hxg3 Qe3+ 25. Kh2 Rg8 26. Bxd7 Nc5 27. Rf7 Bd5 28. Rf4 Qxf4 29. Bb5 Qg5 30. Be2 Ne6 31. Qg1 e3 0-1

[Event "Frankfurt-ch"]
[Site "Frankfurt"]
[Date "2005.06.06"]
[Round "6"]
[White "Popp, Matthias"]
[Black "Schukowski, Werner"]
[Result "0-1"]
[WhiteElo "1578"]
[BlackElo "1299"]
[PlyCount "154"]
[EventDate "2005.04.25"]
[EventType "swiss"]
[EventRounds "7"]
[EventCountry "GER"]
[SourceTitle "EXT 2006"]
[Source "ChessBase"]
[SourceDate "2005.11.24"]
[SourceVersion "1"]
[SourceVersionDate "2005.11.24"]
[SourceQuality "1"]

1. d4 Nf6 2. Nf3 d5 3. Bf4 g6 4. Nbd2 Bg7 5. e3 0-0 6. Ne5 Nfd7 7. Ndf3 c5 8. c3 c4 9. Be2 b5 10. 0-0 a6 11. a4 Nb6 12. a5 Na4 13. h3 Nxb2 14. Qd2 Na4 15. Bd1 Qxa5 16. Bxa4 bxa4 17. Rfb1 f6 18. Rxb8 Bb7 19. Rxf8+ Bxf8 20. Nd7 Bc6 21. Nxf8 Kxf8 22. Qc2 Bb5 23. Nd2 a3 24. Nb1 Ra7 25. Rxa3 Qb6 26. Ra1 Rb7 27. e4 Qe6 28. Nd2 g5 29. Bg3 Kg7 30. exd5 Qxd5 31. Qe4 Qd7 32. Qg4 Qd5 33. Qe2 Bc6 34. f3 Qb5 35. Rb1 Qd5 36. Rxb7 Bxb7 37. Qxe7+ Kg6 38. Qe4+ Kg7 39. Qxd5 Bxd5 40. Bc7 Kf7 41. Kf2 Ke6 42. Kg3 Kf5 43. h4 h6 44. Nf1 Kg6 45. Ne3 Bf7 46. Nc2 Bd5 47. Nb4 Bb7 48. d5 Kf7 49. hxg5 fxg5 50. Kf2 Ke7 51. d6+ Kd7 52. g3 a5 53. Nc2 h5 54. Na3 Bd5 55. f4 g4 56. f5 a4 57. Nc2 Bf7 58. Ne3 a3 59. Nc2 a2 60. Ke3 Bd5 61. Kf2 Be4 62. Na1 Bxf5 63. Kg2 Be4+ 64. Kh2 Bf3 65. Kg1 Be2 66. Kf2 Bd3 67. Kg1 Bf5 68. Kf2 Kc6 69. Kg1 Bd7 70. Kf2 Kd5 71. Ke3 Ke5 72. Bb8 Kd5 73. Bc7 Kc5 74. Kf4 Kb5 75. Ke3 Ka4 76. Kd4 Bb5 77. Ke5 Ka3 0-1

[Event "Rhein Main op 07th"]
[Site "Bad Homburg"]
[Date "2004.06.12"]
[Round "6.62"]
[White "Schukowski, Werner"]
[Black "Kirschner, Matthias"]
[Result "1-0"]
[WhiteElo "1261"]
[BlackElo "1381"]
[PlyCount "39"]
[EventDate "2004.06.09"]
[EventType "swiss"]
[EventRounds "7"]
[EventCountry "GER"]
[SourceTitle "CBM 100 Extra"]
[Source "ChessBase"]
[SourceDate "2004.07.06"]
[SourceVersion "2"]
[SourceVersionDate "2004.07.06"]
[SourceQuality "1"]

1. e4 c5 2. Nf3 d6 3. Bc4 Nc6 4. d3 g6 5. Ng5 Ne5 6. Bb5+ Bd7 7. Bxd7+ Qxd7 8. d4 cxd4 9. Qxd4 Nf6 10. Nc3 Bg7 11. Nd5 0-0 12. b3 Nc6 13. Qd2 Nxe4 14. Nxe4 Bxa1 15. c3 Qf5 16. f3 Rac8 17. 0-0 Rfd8 18. b4 e6 19. Ndf6+ Kg7 20. Qh6+ 1-0

[Event "Rhein Main op 07th"]
[Site "Bad Homburg"]
[Date "2004.06.10"]
[Round "3.47"]
[White "Winand, Edgar"]
[Black "Schukowski, Werner"]
[Result "1-0"]
[WhiteElo "1864"]
[BlackElo "1261"]
[PlyCount "133"]
[EventDate "2004.06.09"]
[EventType "swiss"]
[EventRounds "7"]
[EventCountry "GER"]
[SourceTitle "CBM 100 Extra"]
[Source "ChessBase"]
[SourceDate "2004.07.06"]
[SourceVersion "2"]
[SourceVersionDate "2004.07.06"]
[SourceQuality "1"]

1. Nf3 Nf6 2. b3 g6 3. Bb2 Bg7 4. e3 d6 5. d4 0-0 6. Nbd2 a6 7. Bd3 d5 8. Ne5 Qd6 9. 0-0 Nbd7 10. f4 c5 11. a4 b6 12. Qe2 Bb7 13. g4 Ne4 14. Rad1 e6 15. Ba3 b5 16. Nxd7 Qxd7 17. Bxe4 b4 18. Bf3 bxa3 19. c3 a5 20. Qg2 f5 21. g5 Rab8 22. Nb1 Ba6 23. Rfe1 Rxb3 24. Qa2 Bc4 25. Nxa3 Rxc3 26. Nxc4 Rxc4 27. dxc5 Rxc5 28. Be2 Rfc8 29. Bd3 Qa7 30. Kf2 Bc3 31. Re2 d4 32. Qxe6+ Qf7 33. Qxf7+ Kxf7 34. e4 Re8 35. e5 Bb4 36. h4 Rc3 37. h5 Ke6 38. hxg6 hxg6 39. Rc2 Rec8 40. Rxc3 Rxc3 41. Ke2 Ra3 42. Bc4+ Ke7 43. Rh1 Rxa4 44. Rh7+ Kd8 45. e6 Be7 46. Kd3 Rb4 47. Kxd4 Rb7 48. Kd5 Rb6 49. Rg7 Rd6+ 50. Ke5 Rc6 51. Bd5 Rc7 52. Rg8+ Bf8 53. Rxf8+ Ke7 54. Rf7+ Kd8 55. Rxc7 Kxc7 56. e7 Kd7 57. Kf6 a4 58. Kf7 Kd6 59. Be6 a3 60. e8Q a2 61. Qe7+ Kc6 62. Bxa2 Kb6 63. Qd6+ Kb5 64. Ke6 Ka4 65. Kd5 Ka5 66. Kc4 Ka4 67. Qb4# 1-0